|
|
|
|
| LEADER |
01571nam a2200397 a 4500 |
| 001 |
EBC3012470 |
| 003 |
MiAaPQ |
| 005 |
20200520144314.0 |
| 006 |
m o d | |
| 007 |
cr cn||||||||| |
| 008 |
991117s1999 dcua sb 100 0 eng d |
| 010 |
|
|
|z 99058965
|
| 020 |
|
|
|z 1557758298
|
| 035 |
|
|
|a (MiAaPQ)EBC3012470
|
| 035 |
|
|
|a (Au-PeEL)EBL3012470
|
| 035 |
|
|
|a (CaPaEBR)ebr10300252
|
| 035 |
|
|
|a (OCoLC)655167958
|
| 040 |
|
|
|a MiAaPQ
|c MiAaPQ
|d MiAaPQ
|
| 043 |
|
|
|a f------
|
| 050 |
|
4 |
|a HF2416
|b .A37 1999
|
| 082 |
0 |
4 |
|a 338.96
|2 21
|
| 245 |
0 |
0 |
|a Africa
|h [electronic resource] :
|b adjusting to the challenges of globalization /
|c editor, Laura Wallace.
|
| 260 |
|
|
|a Washington, D.C. :
|b International Monetary Fund ;
|a [Japan] :
|b Ministry of Finance of Japan,
|c 1999.
|
| 300 |
|
|
|a xii, 201 p. :
|b ill.
|
| 500 |
|
|
|a "Proceedings of a seminar held in Paris, May 4-5, 1998."
|
| 504 |
|
|
|a Includes bibliographical references.
|
| 533 |
|
|
|a Electronic reproduction. Ann Arbor, MI : ProQuest, 2015. Available via World Wide Web. Access may be limited to ProQuest affiliated libraries.
|
| 650 |
|
0 |
|a Free trade
|z Africa
|v Congresses.
|
| 650 |
|
0 |
|a Structural adjustment (Economic policy)
|z Africa
|v Congresses.
|
| 650 |
|
0 |
|a Investments, Foreign
|z Africa
|v Congresses.
|
| 651 |
|
0 |
|a Africa
|x Economic policy
|v Congresses.
|
| 655 |
|
4 |
|a Electronic books.
|
| 700 |
1 |
|
|a Wallace, Laura.
|
| 710 |
2 |
|
|a International Monetary Fund.
|
| 710 |
2 |
|
|a ProQuest (Firm)
|
| 856 |
4 |
0 |
|u https://ebookcentral.proquest.com/lib/matrademy/detail.action?docID=3012470
|z Click to View
|